00435nam a22001337a 4500008004100000020001800041040005500059080002100114100001900135245005200154260004600206300001600252653003300268230405b |||||||| |||| 00| 0 eng d a81-900026-7-8 aNational Science LibrarycNational Science Library a330.342(540)bM7 aSeth, Vijay K  aIndustrialization in India spatial perspective  aDelhi: bcommonwealth Publishers, c1987 axii, 242p.  aIndustrialization in India